Anya Taylor-Joy Filmography - Statistics

General Stats
  • This quiz has been taken 252 times
    55 since last reset
  • The average score is 13 of 40
Answer Stats
Type Year Name % Correct
Web Mini-Series 2020 The Queen's Gambit
85%
Film 2015 The Witch: A New England Folktale
79%
Film 2022 The Menu
70%
Film 2024 Furiosa: A Mad Max Saga
64%
Film 2021 Last Night in Soho
64%
Film 2022 The Northman
64%
Film 2016 Split
61%
Film 2024 Dune: Part Two
58%
Film 2019 Glass
58%
Film 2020 The New Mutants
55%
Film 2025 The Gorge
52%
Film 2020 Emma.
48%
TV Show 2019-2022 Peaky Blinders
42%
Film 2022 Amsterdam
39%
Film 2023 The Super Mario Bros. Movie
39%
TV Show 2021 Saturday Night Live
36%
Film 2019 Playmobil: The Movie
27%
Film 2017 Thoroughbreds
27%
Film 2019 Radioactive
24%
Film 2025 Sacrifice
24%
TV Mini-Series 2017 The Miniaturist
24%
Film 2016 Barry
21%
Commercial 2023 Dior
21%
Film 2017 Marrowbone
21%
Film 2016 Morgan
21%
Short Film 2018 Crossmaglen
18%
Documentary 2019 Love, Antosha
18%
Web Series 2019 The Dark Crystal: Age of Resistance
18%
TV Show 2015 Atlantis
15%
Music Video 2019 Dinner & Diatribes
15%
Film 2020 Here Are the Young Men
15%
Web Series TBA Lucky
15%
TV Film 2014 Viking Quest
15%
TV Show 2014 Endeavour
9%
Music Video 2015 Red Lips
9%
Commercial 2021 Tiffany & Co.
6%
Commercial 2021 Viktor&Rolf
6%
TV Special 2020 Cinderella: A Comic Relief Pantomime for Christmas
3%
TV Special 2025 SNL50: The Anniversary Special
3%
Film 2026 Super Mario World
3%
No matching quizzes found
Score Distribution
Percent of People with Each Score
Percentile by Number Answered
Your Score History
You have not taken this quiz since the last reset